|
|
|
|
| LEADER |
00000nam a2200000 i 4500 |
| 001 |
DIGSARGT0020 |
| 003 |
NyNyDIG |
| 008 |
200511s2017 sp o 000 0 spa d |
| 006 |
m o d |
| 007 |
cr ||||||||||| |
| 035 |
|
|
|a (OCoLC)1157024055
|
| 040 |
|
|
|a DGITA
|b eng
|e rda
|e pn
|c DGITA
|
| 020 |
|
|
|z 9788417731014
|
| 020 |
|
|
|z 8417731016
|
| 043 |
|
|
|a e-sp---
|
| 050 |
1 |
4 |
|a HF5474.S72 ebook
|
| 082 |
0 |
4 |
|a 381.180946763
|
| 100 |
1 |
|
|a Guardeño, César,
|e author.
|
| 245 |
1 |
0 |
|a Mercados de Valencia /
|c César Guardeño, Esteban Longares, Sara Bono.
|
| 264 |
|
1 |
|a [Paterna, Valencia] :
|b Editorial Sargantana,
|c [2018]
|
| 300 |
|
|
|a 1 online resource :
|b illustrations.
|
| 336 |
|
|
|a text
|b txt
|2 rdacontent
|
| 337 |
|
|
|a computer
|b c
|2 rdamedia
|
| 338 |
|
|
|a online resource
|b cr
|2 rdacarrier
|
| 347 |
|
|
|a text file
|2 rdaft
|
| 347 |
|
|
|b PDF
|
| 504 |
|
|
|a Includes bibliographical references.
|
| 588 |
0 |
|
|a Online resource; title from PDF title page (Digitalia, viewed May 25, 2020)
|
| 650 |
|
0 |
|a Markets
|z Spain
|z Valencia.
|
| 655 |
|
0 |
|a Electronic books.
|
| 700 |
1 |
|
|a Longares, Esteban,
|e author.
|
| 700 |
1 |
|
|a Bono, Sara,
|e author.
|
| 791 |
2 |
|
|a Digitalia (Firm),
|e distributor.
|
| 793 |
0 |
|
|g Digitalia eBook Collection:
|a Editorial Sargantana
|
| 776 |
0 |
8 |
|i Print version:
|a Guardeño, César.
|t Mercados de Valencia.
|b Primera ediciom.
|d Valencia : Editorial Sargantana, 2018
|z 9788417731014
|
| 856 |
4 |
0 |
|3 Digitalia Hispánica
|u https://www.digitaliapublishing.com/a/61835/
|
| 910 |
|
|
|a Premium collection: 2020
|